Technology of fluid power /
This book is about:
Đã lưu trong:
| Tác giả chính: | |
|---|---|
| Định dạng: | Sách |
| Ngôn ngữ: | English |
| Được phát hành: |
Albany :
Delmar,
1997.
|
| Những chủ đề: | |
| Các nhãn: |
Thêm thẻ
Không có thẻ, Là người đầu tiên thẻ bản ghi này!
|
| Thư viện lưu trữ: | Mạng thư viện Đại học Đà Nẵng |
|---|
| LEADER | 00949cam a2200325 i 4500 | ||
|---|---|---|---|
| 001 | 000048442 | ||
| 003 | 8158 | ||
| 005 | 20030307135416.0 | ||
| 008 | 010324|1997 vm 000 eng | ||
| 020 | |a 0827366647 | ||
| 040 | |a IRC |c IRC |d IRC | ||
| 041 | 0 | |a eng | |
| 082 | 1 | 4 | |a 621.2 |b RE-W |
| 100 | 1 | |a Reeves, William W., |d 1950- | |
| 245 | 0 | 0 | |a Technology of fluid power / |c William W. Reeves. |
| 260 | |a Albany : |b Delmar, |c 1997. | ||
| 300 | |a 416 p. ; |c 23cm. | ||
| 520 | 3 | |a This book is about: |b Fluid power and hydraulic principles; Hydraulic fluids and fluid supply; Hydraulic power supply; Cylinders and linear circuitry; ... | |
| 630 | 0 | 4 | |a Fluid power technology. |
| 650 | 0 | 4 | |a Fluid power technology. |
| OWN | |a DUT | ||
| 999 | |a From the UDN01 | ||
| TYP | |a Monograph | ||
| TYP | |a Printed language | ||
| 980 | |a Mạng thư viện Đại học Đà Nẵng | ||


